Roadside habits (Record no. 118136)

MARC details
000 -LEADER
fixed length control field 01032cam a2200241 4500
001 - CONTROL NUMBER
control field ABS68342
008 - FIXED-LENGTH DATA ELEMENTS--GENERAL INFORMATION
fixed length control field 041008n2004 000 0 eng u
035 ## - SYSTEM CONTROL NUMBER
System control number (Sirsi) u127658
100 ## - MAIN ENTRY--PERSONAL NAME
Personal name Withycombe, D.
245 ## - TITLE STATEMENT
Title Roadside habits
260 ## - PUBLICATION, DISTRIBUTION, ETC.
Date of publication, distribution, etc. 2004
490 ## - SERIES STATEMENT
Series statement Green Places
Volume/sequential designation (09) October 2004, 28-32(5)
520 ## - SUMMARY, ETC.
Summary, etc. Increasingly roadside verges are being recognised as valuable natural habitats. The Highways Agency Biodiversity Plan notes that many habitat types and species are likely to be found in verges. "Roadside habitats" looks at the Road Verge Habitat Plan, in particular the approach in Surrey. In "On the verge", representatives from three counties outline their progress in setting up local projects for protecting the wildlife habitats found in verges.
590 ## - LOCAL NOTE (RLIN)
Local note ABS
590 ## - LOCAL NOTE (RLIN)
Local note ABS
650 ## - SUBJECT ADDED ENTRY--TOPICAL TERM
Topical term or geographic name entry element ROADSIDE VERGES
650 ## - SUBJECT ADDED ENTRY--TOPICAL TERM
Topical term or geographic name entry element NATURAL HABITATS
650 ## - SUBJECT ADDED ENTRY--TOPICAL TERM
Topical term or geographic name entry element BIODIVERSITY
650 ## - SUBJECT ADDED ENTRY--TOPICAL TERM
Topical term or geographic name entry element SUSTAINABLE DEVELOPMENT
650 ## - SUBJECT ADDED ENTRY--TOPICAL TERM
Topical term or geographic name entry element LANDSCAPING
690 ## - LOCAL SUBJECT ADDED ENTRY--TOPICAL TERM (OCLC, RLIN)
Topical term or geographic name as entry element ENVIRONMENT-MANAGEMENT
942 ## - ADDED ENTRY ELEMENTS (KOHA)
Suppress in OPAC 0
Holdings
Withdrawn status Lost status Source of classification or shelving scheme Damaged status Not for loan Home library Current library Shelving location Date acquired Total Checkouts Full call number Barcode Date last seen Copy number Price effective from Koha item type
    Dewey Decimal Classification     London London Journal article 08/10/2004   ABS68342 127658-1001 06/08/2019 1 06/08/2019 Journal article